Rappeurs par albums #2 - Statistiques

Statistiques générales
  • Ce quiz a été pris 468 fois
  • Le résultat moyen est 10 sur 16
Statistiques - réponses
Par images Réponse % Correct
Orelsan
97%
Zola
96%
PNL
95%
Nekfeu
86%
Laylow
76%
Ziak
73%
IAM
72%
Kerchak
70%
La feve
62%
Hugo tsr
61%
Houdi
53%
Caballero et jeanjass
44%
Bekar
43%
Kpri
42%
Ashe 22
32%
Supreme NTM
27%
Aucun quiz correspondant
Distribution des résultats
% des personnes avec chaque résultat
Percentile par nombre de réponses
Votre historique - résultats
Vous n’avez pas pris ce quiz